000 00758nam a2200241Ia 4500
003 GCL
008 140319s9999 xx 000 0 ara d
040 _aGCL /
_cGCL
082 0 4 _a947.085
_bه.م
100 1 _aهيلين كاريروا نكوس
245 1 0 _aمجد الامم او انهيار الامبراطورية السوفياتية /
_cهيلين كاريروا نكوس
700 1 _aيوسف شلب الشام
260 _a[S.N] :
_bدار الحقيقة للطباعة والنشر
300 _a256 ص
490 _a
650 0 4 _aالعصر الحديث
650 0 4 _aتاريخ
650 0 4 _aالاتحاد السوفيتى
650 0 4 _aروسيا
650 0 4 _aتفكك
650 0 4 _aبروسترويكا
942 _2ddc
_cBK
999 _c53551
_d53551